| 000 | 01782nam a2200469Ii 4500 | ||
|---|---|---|---|
| 001 | DIGNARCEA0176 | ||
| 003 | NyNyDIG | ||
| 006 | m o d | ||
| 007 | cr ||||||||||| | ||
| 008 | 220308s2011 sp a ob 001 0bspa d | ||
| 035 | _a(OCoLC)1319854222 | ||
| 040 |
_aDGITA _beng _erda _epn _cDGITA |
||
| 020 |
_a9788427717770 _qeBook _qePdf |
||
| 020 |
_z9788427716353 _qPapel |
||
| 043 | _ae-sp--- | ||
| 050 | 1 | 4 | _aHX343.8.H85 ebook |
| 082 | 0 | 4 | _a305.42 |
| 100 | 1 |
_aSan Martín Montilla, María Nieves, _eauthor. |
|
| 245 | 1 | 0 |
_aMatilde Huici Navaz, la tercera mujer / _cMaría Nieves San Martín Montilla. |
| 250 | _aPrimera edición en eBook (Pdf) | ||
| 264 | 1 |
_aMadrid : _bNarcea, S. A. de Ediciones, _c[2011] |
|
| 300 |
_a1 online resource : _billustrations. |
||
| 336 |
_atext _btxt _2rdacontent |
||
| 337 |
_acomputer _bc _2rdamedia |
||
| 338 |
_aonline resource _bcr _2rdacarrier |
||
| 347 |
_atext file _2rdaft |
||
| 347 | _bPDF | ||
| 490 | 1 | _aMujeres | |
| 504 | _aIncludes bibliographical references and index. | ||
| 588 | 0 | _aOnline resource; title from PDF title page (Digitalia, viewed March 8, 2022) | |
| 600 | 1 | 0 |
_aHuici Navaz, Matilde, _d1890-1965. |
| 650 | 0 |
_aFeminists _zSpain _vBiography. |
|
| 651 | 0 |
_aSpain _xHistory _yCivil War, 1936-1939 _xRefugees. |
|
| 655 | 0 | _aElectronic books. | |
| 791 | 2 |
_aDigitalia (Firm), _edistributor. |
|
| 793 | 0 |
_gDigitalia eBook Collection: _aNarcea Ediciones |
|
| 776 | 0 | 8 |
_iPrint version: _aSan Martín Montilla, María Nieves. _tMatilde Huici Navaz, la tercera mujer. _dMadrid : Narcea, S. A. de Ediciones, [2009] _z9788427716353 |
| 830 | 0 | _aMujeres (Narcea (Firm)) | |
| 856 | 4 | 0 |
_3Digitalia Hispánica _uhttps://www.digitaliapublishing.com/a/29068/ |
| 910 | _aPremium collection: 2022 | ||
| 942 | _cRAA | ||
| 999 |
_c239572 _d239572 |
||